000
00214nam a2200097Ia 4500
008
190216s9999||||xx |||||||||||||| ||und||
100
_a
Shal A F
245
0
_a
Parambaryam
260
_b
Kerala Basha Inst
942
_c
BK
999
_c
37631
_d
37631